[Event "7. Offenes Sommerloch 2015"]
[Site "?"]
[Date "2015.06.29"]
[Round "1.1"]
[White "Keller, Karsten"]
[Black "Bausch, Thomas"]
[Result "1-0"]
[WhiteElo "2216"]
[BlackElo "2038"]
[PlyCount "110"]
[EventDate "2015.??.??"]
[SourceDate "2015.07.04"]
[WhiteTeam "Langenfelder SF"]
[BlackTeam "Pulheimer SC"]

1. Nf3 c5 2. c4 Nc6 3. d4 cxd4 4. Nxd4 Nf6 5. Nc3 Qb6 6. Nb3 e6 7. g3 Ne5 8. e4
Bb4 9. Qe2 d6 10. Bd2 O-O 11. O-O-O Bd7 12. f4 Ng6 13. Bg2 Qc7 14. Kb1 Rac8 15.
a3 Bxc3 16. Bxc3 Ba4 17. Ka2 Qb6 18. Bb4 Bxb3+ 19. Kxb3 a5 20. Rxd6 Qc7 21.
Rhd1 axb4 22. axb4 Rfd8 23. Rxd8+ Rxd8 24. Rxd8+ Qxd8 25. e5 Nd7 26. c5 Qc7 27.
Qb5 b6 28. Qc6 Qd8 29. Qd6 bxc5 30. bxc5 Qc8 31. c6 Nb6 32. c7 Qa6 33. Kc3 Qc4+
34. Kd2 Qa6 35. Qxb6 Qxb6 36. c8=Q+ Nf8 37. Qc2 Qf2+ 38. Kc3 Qc5+ 39. Kb3 Qb5+
40. Ka2 Qa5+ 41. Kb1 Qe1+ 42. Ka2 Qa5+ 43. Kb1 Qe1+ 44. Qc1 Qe2 45. Qf1 Qd2 46.
h4 g6 47. Qf3 h5 48. Bf1 Qe1+ 49. Kc2 Kg7 50. Qd3 Qf2+ 51. Kb3 Qb6+ 52. Ka2
Qa5+ 53. Kb1 Qe1+ 54. Kc2 Qf2+ 55. Be2 Qc5+ {Restliche Notation fehlt.} 1-0

[Event "7. Offenes Sommerloch 2015"]
[Site "?"]
[Date "2015.06.29"]
[Round "1.2"]
[White "Schmitz, Andreas"]
[Black "Gelsok, Philipp"]
[Result "0-1"]
[WhiteElo "2014"]
[BlackElo "1871"]
[PlyCount "86"]
[EventDate "2015.??.??"]
[SourceDate "2015.07.04"]
[WhiteTeam "Königsspringer Leverkusen"]
[BlackTeam "Bergische SF"]

1. Nf3 Nf6 2. c4 c5 3. Nc3 b6 4. g3 Bb7 5. Bg2 e6 6. d3 d6 7. O-O a6 8. a3 Be7
9. b4 Nbd7 10. Bb2 O-O 11. e3 Qc7 12. Rc1 Rac8 13. Qb3 Ng4 14. Ne2 cxb4 15.
axb4 Nde5 16. Nxe5 Nxe5 17. Bxe5 dxe5 18. Ra1 Bxg2 19. Kxg2 e4 20. Rfc1 exd3
21. Qxd3 Bxb4 22. Qe4 a5 23. Nd4 e5 24. Nf3 f6 25. h4 Qf7 26. Rc2 Rfd8 27. Rac1
Rd7 28. Qf5 Rdc7 29. h5 Qd7 30. Qe4 Rd8 31. h6 g6 32. Qh4 Qe6 33. Rb1 Rcd7 34.
Rcc1 Rd3 35. Rc2 Qf5 36. Rcc1 Bc5 37. g4 Qe6 38. Ne1 Rd2 39. Kf1 f5 40. Nf3
R2d6 41. gxf5 Qxf5 42. Qg3 Bxe3 43. Qxe5 Qxe5 0-1

[Event "7. Offenes Sommerloch 2015"]
[Site "?"]
[Date "2015.06.29"]
[Round "1.3"]
[White "Birnkott, Manfred"]
[Black "Hennig, Edgar Paul"]
[Result "1-0"]
[WhiteElo "1973"]
[BlackElo "2009"]
[PlyCount "47"]
[EventDate "2015.??.??"]
[SourceDate "2015.07.04"]
[WhiteTeam "SC Bayer Leverkusen"]
[BlackTeam "Satranç Club"]

1. e4 e5 2. f4 exf4 3. Nf3 g5 4. h4 g4 5. Ne5 Nf6 6. Nc3 d6 7. Nd3 Bh6 8. Be2
Nc6 9. Nf2 g3 10. Ng4 Nxg4 11. Bxg4 Rg8 12. Bxc8 Qxc8 13. Nd5 Rg6 14. d3 Nd4
15. c3 Nc6 16. h5 Re6 17. Nxf4 Bxf4 18. Bxf4 f5 19. O-O fxe4 20. dxe4 Qd7 21.
Bg5 Ne7 22. Rf7 O-O-O 23. Qf3 Qb5 24. Rxe7 {Schwarz überschritt die Zeit.} 1-0

[Event "7. Offenes Sommerloch 2015"]
[Site "?"]
[Date "2015.06.29"]
[Round "1.4"]
[White "Sockel, Karl-Heinz"]
[Black "Jiritschka, Wolfgang"]
[Result "1-0"]
[WhiteElo "2088"]
[BlackElo "1939"]
[PlyCount "29"]
[EventDate "2015.??.??"]
[SourceDate "2015.07.04"]
[WhiteTeam "SC Bayer Leverkusen"]
[BlackTeam "SC Bayer Leverkusen"]

1. d4 Nf6 2. Nf3 c5 3. e3 d5 4. Nbd2 Nc6 5. c3 e6 6. Bd3 Be7 7. O-O Qc7 8. Re1
O-O 9. e4 cxd4 10. cxd4 dxe4 11. Nxe4 Re8 12. Be3 b6 13. Rc1 Qd7 14. Bb5 Bb7
15. Ne5 1-0

[Event "7. Offenes Sommerloch 2015"]
[Site "?"]
[Date "2015.06.29"]
[Round "1.5"]
[White "Richrath, Martin"]
[Black "Röttgers, Roland"]
[Result "1-0"]
[WhiteElo "1822"]
[BlackElo "1723"]
[PlyCount "61"]
[EventDate "2015.??.??"]
[SourceDate "2015.07.04"]
[WhiteTeam "Langenfelder SF"]
[BlackTeam "Fideler Bauer Leverkusen"]

1. d4 d5 2. Bf4 Nf6 3. e3 Nbd7 4. Nd2 c5 5. c3 e6 6. Bd3 Be7 7. Ngf3 Nh5 8. Bg3
Nxg3 9. hxg3 Nf6 10. Ne5 cxd4 11. exd4 a6 12. Qf3 Qc7 13. Rxh7 Rxh7 14. Bxh7
Bd6 15. Bd3 Bxe5 16. dxe5 Qxe5+ 17. Qe2 Qc7 18. Nf3 Bd7 19. Ne5 Bc6 20. O-O-O
O-O-O 21. Kb1 Rh8 22. g4 Be8 23. c4 Kb8 24. Rc1 dxc4 25. Bxc4 Qe7 26. g5 Nd7
27. Bxa6 Nc5 28. Bb5 Bxb5 29. Qxb5 Rc8 30. Rxc5 Qd6 31. Nd7+ 1-0

[Event "7. Offenes Sommerloch 2015"]
[Site "?"]
[Date "2015.06.29"]
[Round "1.6"]
[White "Horstmann, Benjamin"]
[Black "Lechner, Alexander"]
[Result "0-1"]
[WhiteElo "1705"]
[BlackElo "1729"]
[PlyCount "66"]
[EventDate "2015.??.??"]
[SourceDate "2015.07.04"]
[WhiteTeam "SC Wittekinds Knappen"]
[BlackTeam "Düsseldorfer SK"]

1. e4 c5 2. c3 Nf6 3. e5 Nd5 4. d4 cxd4 5. Nf3 Nc6 6. Bc4 Nb6 7. Bb3 e6 8. cxd4
Be7 9. Nc3 d5 10. h4 h6 11. h5 a6 12. a3 Bd7 13. Rh3 Na5 14. Bc2 Rc8 15. Rg3
Kf8 16. Nd2 f5 17. Qe2 Nc6 18. Nb3 a5 19. Be3 Nc4 20. Bd3 Nxe3 21. Qxe3 Bg5 22.
Qf3 Qb6 23. Nb5 Nxe5 24. dxe5 Bxb5 25. Bxf5 exf5 26. Qxf5+ Ke7 27. Qg4 Rhf8 28.
Nd4 Bd7 29. Qd1 Qxb2 30. Rf3 Rxf3 31. Nxf3 Rc1 32. Rxc1 Qxc1 33. Nxg5 Qxd1+ 0-1

[Event "7. Offenes Sommerloch 2015"]
[Site "?"]
[Date "2015.06.29"]
[Round "1.7"]
[White "Ipekyilmaz, Tayfun"]
[Black "Kronseder, Michael"]
[Result "0-1"]
[WhiteElo "1785"]
[BlackElo "1802"]
[PlyCount "48"]
[EventDate "2015.??.??"]
[SourceDate "2015.07.04"]
[WhiteTeam "Langenfelder SF"]
[BlackTeam "SV Hürth-Berrenrath"]

1. e4 c5 2. f4 d5 3. exd5 Nf6 4. c4 e6 5. dxe6 Bxe6 6. Nf3 Nc6 7. Nc3 g6 8. d3
Bg7 9. Be3 Nd4 10. h3 Nh5 11. g4 Ng3 12. Rg1 Nxf1 13. Rxf1 Qe7 14. Qd2 O-O-O
15. b3 Rhe8 16. O-O-O Bxg4 17. Nd5 Rxd5 18. Bxd4 Bxd4 19. Nxd4 Bxd1 20. cxd5
cxd4 21. Kxd1 Qe3 22. Rf2 Qxh3 23. Qc2+ Kb8 24. d6 Qh1+ 0-1

[Event "7. Offenes Sommerloch 2015"]
[Site "?"]
[Date "2015.06.29"]
[Round "1.8"]
[White "Liebsch, Ulrich"]
[Black "Jaskolla, Oswald"]
[Result "1-0"]
[WhiteElo "1802"]
[BlackElo "1639"]
[PlyCount "55"]
[EventDate "2015.??.??"]
[SourceDate "2015.07.04"]
[WhiteTeam "SC Bayer Leverkusen"]
[BlackTeam "SC Turm Leichlingen"]

1. c4 f5 2. Nc3 Nf6 3. d4 g6 4. Nf3 Bg7 5. g3 b6 6. Bg2 Bb7 7. O-O O-O 8. Bf4
d6 9. d5 Bc8 10. Nd4 Bd7 11. Re1 Na6 12. e4 fxe4 13. Nxe4 Nh5 14. Bg5 Nf6 15.
Qd2 Nc5 16. Nxf6+ exf6 17. Bh6 Re8 18. Bxg7 Kxg7 19. b4 Na6 20. Rxe8 Qxe8 21.
Re1 Qf7 22. Ne6+ Kg8 23. b5 Nc5 24. Nxc7 Rc8 25. Ne6 Nxe6 26. dxe6 Bxe6 27.
Rxe6 Rxc4 28. Rxd6 1-0

[Event "7. Offenes Sommerloch 2015"]
[Site "?"]
[Date "2015.06.29"]
[Round "1.9"]
[White "Prößdorf, Lennard"]
[Black "Milz, Ulrich"]
[Result "1-0"]
[WhiteElo "1717"]
[BlackElo "1744"]
[PlyCount "95"]
[EventDate "2015.??.??"]
[SourceDate "2015.07.04"]
[WhiteTeam "SC Bayer Leverkusen"]
[BlackTeam "SC Bayer Leverkusen"]

1. e4 d6 2. d4 a6 3. Bd3 h6 4. Ne2 Nc6 5. c3 Bg4 6. f3 Bh5 7. Nf4 Nf6 8. g4 Bg6
9. Nxg6 fxg6 10. e5 dxe5 11. Bxg6+ Kd7 12. dxe5+ Kc8 13. Qxd8+ Kxd8 14. exf6
exf6 15. Bf4 Bd6 16. Bxd6 cxd6 17. Nd2 Ne5 18. Be4 Re8 19. O-O-O d5 20. Nb3 Kc7
21. Rxd5 Kb6 22. h3 Re7 23. Rhd1 Rae8 24. Rd6+ Ka7 25. Na5 Rb8 26. f4 Nc4 27.
Nxc4 Rxe4 28. R6d4 Re2 29. R1d2 Re1+ 30. Rd1 Re2 31. Rd7 Re4 32. Nd6 Rxf4 33.
Rxg7 h5 34. Rd4 Rf3 35. gxh5 Rxh3 36. Rh7 a5 37. Rf4 Rh2 38. Rxf6 Rg8 39. Rf1
Rgg2 40. Rxb7+ Ka6 41. Rd1 Rxh5 42. Rd7 Rhh2 43. Nc4 Kb5 44. Na3+ Kc6 45. R7d2
Rxd2 46. Rxd2 Rh1+ 47. Kc2 Ra1 48. Rd1 1-0

[Event "7. Offenes Sommerloch 2015"]
[Site "?"]
[Date "2015.06.29"]
[Round "1.10"]
[White "Balduan, Karl-Heinz"]
[Black "Zühlke, Ernst-Wilhelm"]
[Result "1-0"]
[WhiteElo "1594"]
[BlackElo "1482"]
[PlyCount "61"]
[EventDate "2015.??.??"]
[SourceDate "2015.07.04"]
[WhiteTeam "Königsspringer Leverkusen"]
[BlackTeam "SC Turm Leichlingen"]

1. d4 Nf6 2. Nf3 g6 3. Bf4 Bg7 4. e3 O-O 5. Nbd2 d6 6. Be2 Nbd7 7. c3 Nh5 8.
Bg3 Nxg3 9. hxg3 Nf6 10. Nh4 c6 11. Qc2 d5 12. Nhf3 Bf5 13. Bd3 Bc8 14. O-O-O
Qa5 15. Kb1 b5 16. Nb3 Qb6 17. Nc5 a5 18. Rh4 b4 19. Na4 Qc7 20. c4 dxc4 21.
Bxc4 Rb8 22. b3 Rd8 23. Ne5 e6 24. Rdh1 Bb7 25. Nc5 Bc8 26. Ne4 Nxe4 27. Qxe4
Bxe5 28. dxe5 h5 29. g4 Qe7 30. gxh5 Rd1+ 31. Rxd1 1-0

[Event "7. Offenes Sommerloch 2015"]
[Site "?"]
[Date "2015.06.29"]
[Round "1.11"]
[White "Lange, Bernd"]
[Black "Mizich, Vadim"]
[Result "1-0"]
[WhiteElo "1457"]
[BlackElo "1386"]
[PlyCount "49"]
[EventDate "2015.??.??"]
[SourceDate "2015.07.04"]
[WhiteTeam "SC Turm Leichlingen"]
[BlackTeam "Königsspringer Leverkusen"]

1. d4 d5 2. c4 Nf6 3. e3 e6 4. a3 Nc6 5. Nc3 b6 6. Nf3 Be7 7. Be2 O-O 8. O-O
Ba6 9. cxd5 Bxe2 10. Qxe2 exd5 11. b4 Qd7 12. Bb2 Rfe8 13. Qc2 Rad8 14. Rac1
Nb8 15. Ne5 Qc8 16. Nb5 Bd6 17. Nxa7 Qa6 18. Nac6 Nxc6 19. Nxc6 Ra8 20. Ne5
Bxe5 21. dxe5 Ng4 22. Qxc7 Rac8 23. Qd7 h5 24. Rxc8 Rxc8 25. e6 1-0

[Event "7. Offenes Sommerloch 2015"]
[Site "?"]
[Date "2015.06.29"]
[Round "1.12"]
[White "Khananayev, Shalmi"]
[Black "Ipekyilmaz, Mert"]
[Result "0-1"]
[WhiteElo "1256"]
[BlackElo "1477"]
[PlyCount "96"]
[EventDate "2015.??.??"]
[SourceDate "2015.07.04"]
[WhiteTeam "SF Schlebusch"]
[BlackTeam "Langenfelder SF"]

1. d4 Nf6 2. e3 d5 3. c4 e6 4. Nf3 Bb4+ 5. Nbd2 Nc6 6. a3 Bxd2+ 7. Qxd2 O-O 8.
b4 Re8 9. b5 Ne7 10. Bb2 c6 11. a4 Ng6 12. Be2 Ne4 13. Qc2 Nd6 14. c5 Nf5 15.
a5 Bd7 16. Qb3 cxb5 17. Bxb5 a6 18. Be2 Bc6 19. O-O Qc7 20. Qb6 Qxb6 21. cxb6
Rac8 22. Rfc1 Bd7 23. Rc5 Rxc5 24. dxc5 Rc8 25. Rc1 Nge7 26. Ne5 Be8 27. h3 f6
28. Nd3 Bb5 29. Kf1 Nc6 30. Bc3 e5 31. Nb2 Bxe2+ 32. Kxe2 d4 33. Bd2 Kf7 34. g4
dxe3 35. fxe3 Nfe7 36. Nc4 Ke6 37. Nd6 Rb8 38. Kf3 f5 39. gxf5+ Nxf5 40. Nxf5
Kxf5 41. e4+ Ke6 42. Kg3 Rd8 43. Rc2 Rd3+ 44. Kg4 Rd4 45. Kf3 Ra4 46. Be1 Nd4+
47. Kg4 Nxc2 48. Bd2 Rxe4+ 0-1

[Event "7. Offenes Sommerloch 2015"]
[Site "?"]
[Date "2015.07.09"]
[Round "2.1"]
[White "Gelsok, Philipp"]
[Black "Birnkott, Manfred"]
[Result "1/2-1/2"]
[WhiteElo "1871"]
[BlackElo "1973"]
[PlyCount "68"]
[EventDate "2015.??.??"]
[SourceDate "2015.07.04"]
[WhiteTeam "Bergische SF"]
[BlackTeam "SC Bayer Leverkusen"]

1. e4 c5 2. Nf3 Nc6 3. d4 cxd4 4. Nxd4 g6 5. Be3 Bg7 6. c4 d6 7. Nc3 Nf6 8. Be2
O-O 9. f4 Bd7 10. O-O a6 11. Kh1 Rb8 12. Rc1 Nxd4 13. Bxd4 Bc6 14. Bf3 Nd7 15.
Bxg7 Kxg7 16. Nd5 e6 17. Nb4 Qe7 18. Qd2 Rfd8 19. Qc3+ Kg8 20. Rfd1 Rbc8 21.
Nxc6 bxc6 22. Qa3 Nb8 23. Rd2 c5 24. Rcd1 Qc7 25. e5 dxe5 26. Rxd8+ Rxd8 27.
Rxd8+ Qxd8 28. fxe5 Qc7 29. h3 Qxe5 30. Bb7 Qe1+ 31. Kh2 Qe5+ 32. Kh1 Qe1+ 33.
Kh2 Qe5+ 34. Kh1 Qe1+ 1/2-1/2

[Event "7. Offenes Sommerloch 2015"]
[Site "?"]
[Date "2015.07.09"]
[Round "2.2"]
[White "Kronseder, Michael"]
[Black "Sockel, Karl-Heinz"]
[Result "1-0"]
[WhiteElo "1802"]
[BlackElo "2088"]
[PlyCount "49"]
[EventDate "2015.??.??"]
[SourceDate "2015.07.04"]
[WhiteTeam "SV Hürth-Berrenrath"]
[BlackTeam "SC Bayer Leverkusen"]

1. e4 c6 2. Nc3 d5 3. Nf3 Bg4 4. d4 dxe4 5. Nxe4 Bxf3 6. Qxf3 Qxd4 7. Bd3 Nd7
8. Be3 Qd5 9. Rd1 Ngf6 10. O-O e6 11. c4 Qa5 12. Bd2 Qh5 13. Qg3 Nxe4 14. Bxe4
Qe5 15. Qf3 Rc8 16. Rfe1 Qf6 17. Qg3 Nc5 18. Bb1 h6 19. Bc3 Qg5 {
Schwarz bietet Remis an.} 20. Qf3 Nd7 21. Rxd7 Kxd7 22. Qxf7+ Qe7 23. Rd1+ Kc7
24. Qf4+ Kb6 25. c5+ 1-0

[Event "7. Offenes Sommerloch 2015"]
[Site "?"]
[Date "2015.07.09"]
[Round "2.3"]
[White "Prößdorf, Lennard"]
[Black "Balduan, Karl-Heinz"]
[Result "0-1"]
[WhiteElo "1717"]
[BlackElo "1594"]
[PlyCount "62"]
[EventDate "2015.??.??"]
[SourceDate "2015.07.04"]
[WhiteTeam "SC Bayer Leverkusen"]
[BlackTeam "Königsspringer Leverkusen"]

1. e4 e5 2. Nf3 d6 3. d4 exd4 4. Qxd4 Bd7 5. Bg5 f6 6. Bh4 Qe7 7. Nc3 Nc6 8.
Qe3 O-O-O 9. Nd5 Qe8 10. Bc4 g5 11. Bg3 h5 12. h4 Bh6 13. hxg5 fxg5 14. Nxg5
Bxg5 15. f4 Bf6 16. O-O-O Kb8 17. f5 Ne5 18. Bf2 b6 19. Be2 Bb5 20. c4 Bxc4 21.
Bxc4 Nxc4 22. Qb3 Nxb2 23. Nxf6 Nxf6 24. Qxb2 Nxe4 25. Rhe1 Qc6+ 26. Kb1 Nc3+
27. Ka1 Nxd1 28. Rxd1 Qxg2 29. a4 Qf3 30. Rc1 Qxf5 31. a5 Qxa5+ 0-1

[Event "7. Offenes Sommerloch 2015"]
[Site "?"]
[Date "2015.07.09"]
[Round "2.4"]
[White "Ipekyilmaz, Mert"]
[Black "Lange, Bernd"]
[Result "0-1"]
[WhiteElo "1477"]
[BlackElo "1457"]
[PlyCount "118"]
[EventDate "2015.??.??"]
[SourceDate "2015.07.04"]
[WhiteTeam "Langenfelder SF"]
[BlackTeam "SC Turm Leichlingen"]

1. e4 e6 2. d4 d5 3. e5 c5 4. c3 a6 5. Nf3 Nc6 6. Be3 Qa5 7. Nbd2 cxd4 8. cxd4
Nge7 9. Be2 Nf5 10. O-O Bd7 11. Nb3 Qd8 12. Bd2 Be7 13. h3 h6 14. Re1 Nh4 15.
Be3 Nxf3+ 16. Bxf3 Bg5 17. Bxg5 Qxg5 18. Qc1 Qh4 19. Qc3 Rc8 20. Qd3 Nb4 21.
Qd2 Nc2 22. Rac1 Nxe1 23. Rxc8+ Bxc8 24. Qxe1 Qe7 25. Qc3 Bd7 26. Qc7 Bc6 27.
Qc8+ Qd8 28. Qxd8+ Kxd8 29. Nc5 Ke7 30. a4 h5 31. b4 f6 32. Be2 fxe5 33. dxe5
h4 34. b5 axb5 35. axb5 Bd7 36. Nxb7 Rb8 37. Nc5 Bxb5 38. Bg4 Bd7 39. Nxd7 Kxd7
40. f4 g6 41. Kf2 Rb3 42. Bf3 d4 43. g4 Rb2+ 44. Kg1 d3 45. Be4 d2 46. Bf3 Rb1+
47. Kf2 d1=Q 48. Bxd1 Rxd1 49. Kf3 Rd3+ 50. Kg2 Rg3+ 51. Kh2 Rf3 52. f5 exf5
53. gxf5 Rxf5 54. Kg2 Ke6 55. Kh2 Kxe5 56. Kg2 Ke4 57. Kh2 Rg5 58. Kh1 Rg3 59.
Kh2 Kf3 0-1

[Event "7. Offenes Sommerloch 2015"]
[Site "?"]
[Date "2015.07.09"]
[Round "2.5"]
[White "Blomeyer, Peter"]
[Black "Düster, Frank"]
[Result "1-0"]
[WhiteElo "1820"]
[BlackElo "1764"]
[PlyCount "55"]
[EventDate "2015.??.??"]
[SourceDate "2015.07.04"]
[WhiteTeam "Königsspringer Leverkusen"]
[BlackTeam "Königsspringer Leverkusen"]

1. c4 e5 2. Nc3 Nf6 3. g3 Bb4 4. Bg2 O-O 5. a3 Bxc3 6. bxc3 d6 7. Nf3 Nbd7 8.
O-O Re8 9. d3 h6 10. Rb1 Rb8 11. a4 e4 12. Nd4 exd3 13. exd3 Nc5 14. h3 Bd7 15.
a5 c6 16. Qf3 Ne6 17. a6 Nxd4 18. cxd4 b6 19. Bf4 Qe7 20. c5 bxc5 21. Rxb8 Rxb8
22. dxc5 Ne8 23. cxd6 Nxd6 24. Qe3 Qf8 25. Qxa7 Rd8 26. Qb6 g5 27. Bxd6 Qxd6
28. Qxd8+ 1-0

[Event "7. Offenes Sommerloch 2015"]
[Site "?"]
[Date "2015.07.09"]
[Round "2.6"]
[White "Multhauf, Stefan"]
[Black "Hegmann, Werner"]
[Result "1-0"]
[WhiteElo "1622"]
[BlackElo "1762"]
[PlyCount "119"]
[EventDate "2015.??.??"]
[SourceDate "2015.07.04"]
[WhiteTeam "Königsspringer Leverkusen"]
[BlackTeam "SV Opladen"]

1. e4 e5 2. f4 exf4 3. Bc4 Be7 4. Nf3 Bh4+ 5. Kf1 d5 6. Bxd5 Bg4 7. Bxf7+ Kf8
8. Bc4 Qe8 9. d3 Nc6 10. Bb5 Nge7 11. Bxf4 Qh5 12. Bxc6 Nxc6 13. c3 Ke7 14. h3
Bxf3 15. Qxf3 Qxf3+ 16. gxf3 Rhf8 17. Bxc7 Rxf3+ 18. Ke2 Rf2+ 19. Ke3 Raf8 20.
e5 Ke6 21. d4 R8f3+ 22. Ke4 Rf4+ 23. Kd3 R4f3+ 24. Kc4 Ne7 25. Kb3 Rg2 26. Na3
a6 27. Nc4 b5 28. Nb6 Rff2 29. Rab1 Bg5 30. Rhg1 h5 31. Rxg2 Rxg2 32. Kb4 Nd5+
33. Kc5 Nxc7 34. d5+ Kxe5 35. Re1+ Kf5 36. d6 Ne6+ 37. Kc6 Rxb2 38. Nc8 Rxa2
39. Ne7+ Kf6 40. Rf1+ Ke5 41. Re1+ Kf6 42. Rf1+ Bf4 43. Nd5+ Kf5 44. Nxf4 Nxf4
45. d7 Rd2 46. Kc7 Ke5 47. Re1+ Kf6 48. d8=Q+ Rxd8 49. Kxd8 Nxh3 50. Ra1 g5 51.
Rxa6+ Kf5 52. Ra5 h4 53. Rxb5+ Kf4 54. c4 g4 55. c5 Ng5 56. Ke7 g3 57. c6 g2
58. Rb1 Nf3 59. c7 h3 60. c8=Q {Schwarz überschritt die Bedenkzeit.} 1-0

[Event "7. Offenes Sommerloch 2015"]
[Site "?"]
[Date "2015.07.09"]
[Round "2.7"]
[White "Bausch, Thomas"]
[Black "Hennig, Edgar Paul"]
[Result "1-0"]
[WhiteElo "2038"]
[BlackElo "2009"]
[PlyCount "71"]
[EventDate "2015.??.??"]
[SourceDate "2015.07.04"]
[WhiteTeam "Pulheimer SC"]
[BlackTeam "Satranç Club"]

1. e4 e6 2. d4 d5 3. Nc3 dxe4 4. Nxe4 Bd7 5. Nf3 Bc6 6. Bd3 Nd7 7. Qe2 Ngf6 8.
Neg5 Qe7 9. O-O h6 10. Ne4 Nxe4 11. Bxe4 Bxe4 12. Qxe4 c6 13. Re1 Nf6 14. Qe2
Qc7 15. c4 Be7 16. Bd2 O-O 17. b4 Rfe8 18. Rac1 Rad8 19. a4 b6 20. b5 c5 21.
Bc3 cxd4 22. Nxd4 Qf4 23. Nc6 Bc5 24. Be5 Qf5 25. Bxf6 Qxf6 26. Nxd8 Rxd8 27.
Red1 Ra8 28. Rc2 a6 29. Qe4 Ra7 30. g3 axb5 31. cxb5 g6 32. Rxc5 bxc5 33. b6
Ra6 34. Qb7 Rxa4 35. Qc8+ Kg7 36. b7 1-0

[Event "7. Offenes Sommerloch 2015"]
[Site "?"]
[Date "2015.07.09"]
[Round "2.9"]
[White "Jaskolla, Oswald"]
[Black "Ipekyilmaz, Tayfun"]
[Result "0-1"]
[WhiteElo "1639"]
[BlackElo "1785"]
[PlyCount "58"]
[EventDate "2015.??.??"]
[SourceDate "2015.07.04"]
[WhiteTeam "SC Turm Leichlingen"]
[BlackTeam "Langenfelder SF"]

1. e4 e5 2. Nf3 Nc6 3. Bc4 Bc5 4. c3 Nf6 5. d4 exd4 6. e5 d5 7. exf6 dxc4 8.
Qe2+ Be6 9. fxg7 Rg8 10. Bg5 Be7 11. Bxe7 Kxe7 12. Nbd2 Qd5 13. O-O-O d3 14.
Qe3 Rxg7 15. Qf4 Rg4 16. Qxc7+ Qd7 17. Qxd7+ Kxd7 18. g3 Re8 19. h3 Rg6 20. Nh4
Rh6 21. f4 Bd5 22. Rhg1 Re2 23. Nhf3 Rxh3 24. b4 b5 25. a3 Bxf3 26. Nxf3 Rc2+
27. Kb1 Rxc3 28. Kb2 Rc2+ 29. Kb1 Rf2 0-1

[Event "7. Offenes Sommerloch 2015"]
[Site "?"]
[Date "2015.07.09"]
[Round "2.10"]
[White "Milz, Ulrich"]
[Black "Zühlke, Ernst-Wilhelm"]
[Result "0-1"]
[WhiteElo "1744"]
[BlackElo "1482"]
[PlyCount "54"]
[EventDate "2015.??.??"]
[SourceDate "2015.07.04"]
[WhiteTeam "SC Bayer Leverkusen"]
[BlackTeam "SC Turm Leichlingen"]

1. e4 e6 2. Bc4 Qg5 3. g3 Nf6 4. d3 Qc5 5. a3 Nxe4 6. Be3 Qc6 7. Qf3 Nf6 8. Nd2
d5 9. Bb3 Nbd7 10. Ne2 Ne5 11. Qf4 Bd6 12. Nd4 Qd7 13. Qg5 O-O 14. N2f3 Ng6 15.
Bd2 c5 16. O-O cxd4 17. Nxd4 h6 18. Qe3 e5 19. Ne2 Qh3 20. f3 b6 21. Bb4 Bxb4
22. axb4 Bb7 23. d4 e4 24. c3 exf3 25. Qxf3 Ng4 26. Qg2 Qxg2+ 27. Kxg2 Ne3+ 0-1

[Event "7. Offenes Sommerloch 2015"]
[Site "?"]
[Date "2015.07.09"]
[Round "2.11"]
[White "Mizich, Vadim"]
[Black "Khananayev, Shalmi"]
[Result "1/2-1/2"]
[WhiteElo "1386"]
[BlackElo "1256"]
[PlyCount "79"]
[EventDate "2015.??.??"]
[SourceDate "2015.07.04"]
[WhiteTeam "Königsspringer Leverkusen"]
[BlackTeam "SF Schlebusch"]

1. e4 c5 2. Nf3 e6 3. d4 cxd4 4. Qxd4 Nc6 5. Qd1 d6 6. Nc3 Nf6 7. Bb5 Qc7 8.
O-O g6 9. Bg5 Bg7 10. Re1 O-O 11. Qd2 a6 12. Ba4 b5 13. Bb3 Bb7 14. Rad1 Rad8
15. Qf4 e5 16. Qh4 Nh5 17. Bxd8 Qxd8 18. Qxd8 Rxd8 19. Bd5 Nf6 20. Ng5 Nxd5 21.
Nxd5 b4 22. Rd3 a5 23. Rf3 Rd7 24. Rd1 h6 25. Nh3 Nd4 26. Rfd3 Bxd5 27. exd5
Nxc2 28. Rc1 Nd4 29. Rc8+ Kh7 30. Ra8 Rc7 31. g3 Rc5 32. Ra7 f5 33. f4 Rxd5 34.
Kf2 e4 35. Rd1 Kg8 36. Rc1 Ne6 37. Rc8+ Nf8 38. Rcc7 Bd4+ 39. Ke2 Bxa7 40. Rxa7
1/2-1/2

[Event "7. Offenes Sommerloch 2015"]
[Site "?"]
[Date "2015.07.09"]
[Round "2.8"]
[White "Röttgers, Roland"]
[Black "Horstmann, Benjamin"]
[Result "1/2-1/2"]
[WhiteElo "1723"]
[BlackElo "1705"]
[PlyCount "78"]
[EventDate "2015.??.??"]
[SourceDate "2015.07.04"]
[WhiteTeam "Fideler Bauer Leverkusen"]
[BlackTeam "SC Wittekinds Knappen"]

1. Nf3 f5 2. c4 Nf6 3. Nc3 e6 4. g3 Be7 5. Bg2 O-O 6. O-O d6 7. d4 Nc6 8. a3
Qe8 9. d5 exd5 10. Nxd5 Nxd5 11. Qxd5+ Kh8 12. Bg5 Bxg5 13. Nxg5 Qg6 14. f4 h6
15. Nf3 Qe6 16. Qd3 Bd7 17. Rfe1 Rae8 18. Nd2 Qe3+ 19. Kf1 Nd4 20. Bxb7 Qxd3
21. exd3 Rb8 22. Re7 Rxb7 23. Rxd7 Rxb2 24. Rd1 Rc8 25. Re7 Ra2 26. Kf2 Rxa3
27. Nf3 Ra2+ 28. Rd2 Rxd2+ 29. Nxd2 a5 30. Ke3 c5 31. Nf3 Nxf3 32. Kxf3 Ra8 33.
Re2 a4 34. Ra2 a3 35. Ke3 Kg8 36. d4 Kf7 37. h4 h5 38. Kd3 Ke7 39. Kc3 Kd7
1/2-1/2

[Event "7. Offenes Sommerloch 2015"]
[Site "?"]
[Date "2015.07.20"]
[Round "3.1"]
[White "Balduan, Karl-Heinz"]
[Black "Kronseder, Michael"]
[Result "1-0"]
[WhiteElo "1594"]
[BlackElo "1802"]
[PlyCount "53"]
[EventDate "2015.??.??"]
[SourceDate "2015.07.04"]
[WhiteTeam "Königsspringer Leverkusen"]
[BlackTeam "SV Hürth-Berrenrath"]

1. d4 c5 2. c3 b6 3. Bf4 d5 4. Nf3 e6 5. e3 Ba6 6. Bxa6 Nxa6 7. Qa4+ Qd7 8.
Qxa6 cxd4 9. exd4 Nf6 10. Ne5 Qc8 11. Qb5+ Nd7 12. Qxd7+ Qxd7 13. Nxd7 Kxd7 14.
O-O Rc8 15. Nd2 Be7 16. Be3 f5 17. Bf4 g5 18. Be5 Rhg8 19. h3 g4 20. hxg4 Rxg4
21. g3 h5 22. Kg2 Rcg8 23. Kf3 Bg5 24. Nb3 h4 25. Rh1 hxg3 26. fxg3 f4 27. Kxg4
1-0

[Event "7. Offenes Sommerloch 2015"]
[Site "?"]
[Date "2015.07.20"]
[Round "3.2"]
[White "Lange, Bernd"]
[Black "Gelsok, Philipp"]
[Result "0-1"]
[WhiteElo "1457"]
[BlackElo "1871"]
[PlyCount "82"]
[EventDate "2015.??.??"]
[SourceDate "2015.07.04"]
[WhiteTeam "SC Turm Leichlingen"]
[BlackTeam "Bergische SF"]

1. d4 Nf6 2. c4 c5 3. e3 g6 4. Nf3 Bg7 5. Nc3 O-O 6. a3 cxd4 7. exd4 d5 8. Be3
Nc6 9. b4 dxc4 10. Bxc4 Bg4 11. Be2 Nd5 12. Rc1 Nxc3 13. Rxc3 e6 14. Rd3 Ne7
15. Ne5 Bxe2 16. Qxe2 Nd5 17. Nf3 Qd7 18. O-O a5 19. bxa5 Rxa5 20. Rb1 Rfa8 21.
Qb2 b6 22. g3 Qe7 23. Ra1 h5 24. Bc1 Rc8 25. Qd2 Ra4 26. Bb2 Rac4 27. Rc1 b5
28. Rb3 Qc7 29. Rxc4 bxc4 30. Rb5 c3 31. Bxc3 Qxc3 32. Qxc3 Nxc3 33. Rc5 Rxc5
34. dxc5 Bf8 35. c6 Bd6 36. Nd4 e5 37. Nb3 Na4 38. Na5 Bc7 39. Nc4 Nb6 40. Ne3
Kf8 41. Kf1 Ke7 0-1

[Event "7. Offenes Sommerloch 2015"]
[Site "?"]
[Date "2015.07.20"]
[Round "3.3"]
[White "Birnkott, Manfred"]
[Black "Blomeyer, Peter"]
[Result "1-0"]
[WhiteElo "1973"]
[BlackElo "1820"]
[PlyCount "33"]
[EventDate "2015.??.??"]
[SourceDate "2015.07.04"]
[WhiteTeam "SC Bayer Leverkusen"]
[BlackTeam "Königsspringer Leverkusen"]

1. e4 d6 2. d4 Nf6 3. Nc3 e5 4. Nf3 exd4 5. Nxd4 Be7 6. Bf4 Nc6 7. Qd2 Bd7 8.
O-O-O a6 9. Nf5 Bxf5 10. exf5 Qd7 11. Nd5 O-O-O 12. Nxf6 Bxf6 13. g4 h6 14. Bg2
Ne5 15. Bxe5 dxe5 16. Qxd7+ Rxd7 17. Bxb7+ 1-0